Central Library OPAC University of Rajshahi

Citizenship : The responsibilities and privileges of the indian citizen / (Record no. 36201)

MARC details
000 -LEADER
fixed length control field 00750cam a2200253 a 4500
001 - CONTROL NUMBER
control field 36201
003 - CONTROL NUMBER IDENTIFIER
rucl marc code BD-RjUL
005 - DATE AND TIME OF LATEST TRANSACTION
control field 20211209052441.0
008 - FIXED-LENGTH DATA ELEMENTS--GENERAL INFORMATION
fixed length control field 140618s19461936enk b 001 0 eng d
035 ## - SYSTEM CONTROL NUMBER
System control number (BD-RjUL)36298
040 ## - CATALOGING SOURCE
Original cataloging agency KSU
Language of cataloging eng
Transcribing agency BD-RjUL
Modifying agency BD-RjUL
041 ## - LANGUAGE CODE
Language code of text/sound track or separate title eng
082 ## - DEWEY DECIMAL CLASSIFICATION NUMBER
Classification number 323.6
Author mark and year WIC 1946
100 1# - MAIN ENTRY--PERSONAL NAME
Personal name Willatt, Col. J
9 (RLIN) 110167
245 10 - TITLE STATEMENT
Title Citizenship : The responsibilities and privileges of the indian citizen /
250 ## - EDITION STATEMENT
Edition statement 4th ed.
260 ## - PUBLICATION, DISTRIBUTION, ETC. (IMPRINT)
Place of publication, distribution, etc. Oxford :
Name of publisher, distributor, etc. Oxford Unversity Press,
Date of publication, distribution, etc. 1946.
300 ## - PHYSICAL DESCRIPTION
Pagination vi, 184 p. ;
Size 20 cm
504 ## - BIBLIOGRAPHY, ETC. NOTE
Bibliography, etc Includes bibliography: p. [223]-227 and index.
650 #0 - SUBJECT ADDED ENTRY--TOPICAL TERM
Topical term or geographic name as entry element Citizenship.
9 (RLIN) 110168
Topical term or geographic name as entry element State, The
9 (RLIN) 110169
Topical term or geographic name as entry element Political ethics
9 (RLIN) 110170
942 ## - ADDED ENTRY ELEMENTS (KOHA)
Source of classification or shelving scheme Dewey Decimal Classification
Koha item type Books
Holdings
Lost status Source of classification or shelving scheme Damaged status Not for loan Collection code Permanent Location Current Location Shelving location Date acquired Source of acquisition Cost, normal purchase price Total Checkouts Full call number Date last seen Copy number Koha item type
  Dewey Decimal Classification   Not For Loan Non-fiction Central Library, University of Rajshahi Central Library, University of Rajshahi Reading Room 24/06/1970 Zeitlinger 2.00   323.6 WIC 1946 18/06/2014 C-1 Books
  Dewey Decimal Classification     Non-fiction Central Library, University of Rajshahi Central Library, University of Rajshahi   24/06/1970 Zeitlinger 2.00   323.6 WIC 1946 18/06/2014 C-2 Books